Top 10 most hated youtubers of 2018 - Statistics

General Stats
  • This quiz has been taken 465 times
  • The average score is 4 of 10
Answer Stats
clue youtubers % Correct
equally bad brother of one above comes in at second place Jake paul
94%
suicide forest scandal takes the top spot Logan paul
94%
can i get a brofist for number eight PewDiePie
65%
third place just needs to stop with the diss tracks as they are just embarrising Rice gum
57%
number six does commentary on fornite and prank videos, real name is Morgan hudson Morgz
40%
let's right into the news with number ten Drama alert
24%
fifth place needs to put on his sweatshirt and shut down his channel Jacob sartorius
12%
makes fun of little kids yet gets triggered when others make fun of him, comes in at number seven Leafyishere
12%
makes fun of obese people and calls out shane for being a child predator ends up taking number four Onision
10%
dame tu cosita reaches number nine N&A productions
1%
No matching quizzes found
Score Distribution
Percent of People with Each Score
Percentile by Number Answered
Your Score History
You have not taken this quiz